000 01066naa a2200277 c 4500
001 50058
999 _c50058
_d50058
003 ES-MaCES
005 20171011130941.0
008 171011s2017 sp ||||| t||||||| ||spa d
040 _aES-MaCES
_bspa
_cES-MaCES
_dES-MaCES
100 1 _920749
_aPérez del Prado, Daniel
245 1 0 _aSoft law y diálogo social
_b: ¿una solución para las las difusas fronteras del empelo autonómo?
_cDaniel Pérez del Prado
500 _aResumen
504 _aBibliografía: p. 276-278
650 4 _930170
_atrabajo a cuenta propia
650 4 _928412
_atrabajador independiente
650 4 _928327
_acondiciones de trabajo
650 4 _928299
_aempleo
650 4 _928292
_amercado de trabajo
650 4 _927166
_alegislación del trabajo
650 4 _929892
_areforma legislativa
653 1 0 _aEmpleo
773 0 _986480
_dValladolid (Avda. Reyes Católicos, 11, 47008) Lex nova
_o089377
_tInformación laboral
_w(ES-MaCES)25782
_gn. 7 (2017) {55/796 R. 089377} ;p. 261-278
902 _aART Artículo de revista
942 _2CES
_cAR
_h2.0.